000 00222nam a22000977a 4500
999 _c15897
_d15897
003 OSt
008 191023b ||||| |||| 00| 0 eng d
100 _aWeinberg,Meyer.
_91511
245 _aIssues in Social Science
942 _cBK